=LDR 00000nam 2200000 4500 =001 INLIS000000000025525 =005 20130612124027 =008 ***********************************Ind** =035 ##$$0010-061300000025525 =041 ##$$a Ind =082 ##$$a 418 =090 ##$$a 6a418, Tar p =100 ##$$a Tarigan, Henry Guntur =245 ##$$a Pengajaran kosakata, Henry Guntur Tarigan =260 ##$$a 1986 $b Bandung =300 ##$$a 264 hlm, 21 cm =650 ##$$a Kosakata =850 ##$$a NBPNMAT